000 00401nam a2200157Ia 4500
008 221030s9999 xx 000 0 und d
041 _aEnglish
082 _a105.23
_bSin
100 _aGurvinder Sigh
245 0 _aText Book of Communication Skill - I
_cby Gurvinder Sigh, R. Kour
260 _bIndian Pub.
_aJalandhar
_c1999
300 _a48
650 _aENGLISH
700 _aR. Kour
942 _cBK
999 _c5957
_d5957